000 00453nam a2200181Ia 4500
003 GCL
008 140319s9999 xx 000 0 eng d
040 _aGCL /
_cGCL
082 0 4 _a759.06
_bR C
100 1 _aREAD, HERBERT
245 1 0 _aA CONCISE HISTORY OF MODERN PAINTING /
_cREAD, HERBERT
260 _a[S.N] :
_bTHAMES AND HUDSON ،
_c1995
300 _a392 P
650 0 4 _aART
650 0 4 _aPAINTING
650 0 4 _aMODERN ART
942 _2ddc
_cBK
999 _c11551
_d11551